Southville International School and Colleges
Your cart is empty.
  • Cart
  • Lists
    Public lists list_1 View all
    Your lists Log in to create your own lists
  • Log in to your account
  • Your cookies
  • Search history
Southville International School and Colleges
  • Advanced search
  • Recent comments
  • Most popular
  • Libraries

Log in to your account

Log in with GOOGLE


If you do not have an external account, but do have a local account, you can still log in:

  1. Home
  2. MARC view: Arthur's teacher trouble /
Normal view MARC view ISBD view

Arthur's teacher trouble / (Record no. 113124)

[ view plain ]
MARC details
000 -LEADER
fixed length control field 00490nam a2200181 a 4500
001 - CONTROL NUMBER
control field 3114
005 - DATE AND TIME OF LATEST TRANSACTION
control field 20140414132004.0
008 - FIXED-LENGTH DATA ELEMENTS--GENERAL INFORMATION
fixed length control field 060201s19uu xx 00 eng d
020 ## - INTERNATIONAL STANDARD BOOK NUMBER
International Standard Book Number 0-590-99639-8
050 ## - LIBRARY OF CONGRESS CALL NUMBER
Classification number TR
Item number Ar1 1986
100 ## - MAIN ENTRY--PERSONAL NAME
Personal name Brown, Marc
245 ## - TITLE STATEMENT
Title Arthur's teacher trouble /
Statement of responsibility, etc Marc Brown.
260 ## - PUBLICATION, DISTRIBUTION, ETC. (IMPRINT)
Place of publication, distribution, etc New York :
Name of publisher, distributor, etc A Trumpet Club Special Edition,
Date of publication, distribution, etc 1986.
300 ## - PHYSICAL DESCRIPTION
Extent 1 v. p. ; cm.
440 ## - SERIES STATEMENT/ADDED ENTRY--TITLE
Title An Arthure adventure
650 ## - SUBJECT ADDED ENTRY--TOPICAL TERM
Topical term or geographic name as entry element Teachers
General subdivision Fiction.
Holdings
Withdrawn status Lost status Damaged status Use restrictions Home library Current library Shelving location Date acquired Source of acquisition Cost, normal purchase price Total Checkouts Full call number Barcode Date last seen Price effective from Koha item type
        Munich Library Munich Library Teachers Reference Section 02/01/2006   125.00   TR Ar1 1986 M4615 04/14/2014 04/14/2014 Books

Arthur's teacher trouble /

APA

Brown M., . (1986). Arthur's teacher trouble. New York: A Trumpet Club Special Edition.

Chicago

Brown Marc, . 1986. Arthur's teacher trouble. New York: A Trumpet Club Special Edition.

Harvard

Brown M., . (1986). Arthur's teacher trouble. New York: A Trumpet Club Special Edition.

MLA

Brown Marc, . Arthur's teacher trouble. New York: A Trumpet Club Special Edition. 1986.

  • Place hold
  • Print
  • Cite
  • Add to your cart (remove)
  • Save record
    BIBTEX Dublin Core MARCXML MARC (non-Unicode/MARC-8) MARC (Unicode/UTF-8) MARC (Unicode/UTF-8, Standard) MODS (XML) RIS
  • More searches
    Search for this title in:
    Other Libraries (WorldCat) Other Databases (Google Scholar) Online Stores (Bookfinder.com) Open Library (openlibrary.org)

Exporting to Dublin Core...

SOUTHVILLE LIBRARY

Southville International School and Colleges Library

1281 Tropical Ave. Cor. Luxembourg St., BF Homes International, Las Pinas City

Tel. No. 8256374 / 252358 Loc. 117/146

Powered by Koha